000 00540nam a2200205Ia 4500
008 131103s9999 xx 000 0 und d
020 _a5902272297
_cRs.100
040 _aLoreto College
041 _aEnglish
082 _aREF/RAP
_bLCBED/12416
100 _aRaphael, Elaine
245 _aAncient greece
_cElaine Raphael
260 _aNew York
_bScholastic inc.
_c1989
300 _a32p.
_b pic.
_c 24cm.
440 _aDrawing history
504 _aIncludes index
650 _aWorld history
850 _aLCBED/REF/RAP
942 _cBK
999 _c30944
_d81423